02223nam a2200301 i 4500003000900000005001700009006001800026007000300044008004100047040003000088082001400118100003800132245016100170264003600331300007600367336002700443337003300470338002800503490002900531504003300560505103100593590002701624700003901651700004801690942001401738952015201752999001701904DO-SdBNP20231101104249.0a||||dr|||| 00| 0ta231031e1997 dr aobc| |||| 00| 0 spa d aDO-SdBNPbspacBNPHUerda 4222bC117s1 aCabrera Argentina,984303eautora10aSociales 2000, 3 :btercer grado de la educación básica. /cArgentina Cabrera, José Mercedes Zarzuela Bidó: ilustración, Julio César Martínez  1aSanto Domingo :bSusaeta,c1997 a128 páginas :bIlustraciones, fotografías, mapas, retrato ;c27 cm. 2rdacontentatextobtxt 2rdamediaasin mediaciónbn 2rdacarrieravolumenbnc aEducación sin frontera aBibliografía, página 126 aUnidad 1. El Medio Geográfico.tTema 1: La Orientación.-- Tema 2: El Municipio.-- Tema 3: El Municipio forma parte de una Provincia.-- Tema 4: Historia del Municipio.-- Tema 5: Gobierno del Municipio.-- Tema 6: La Población.gUnidad 2. tTema 1: Mi Familia.-- Tema 2: Mi Escuela.-- Tema 3: Organización de mi Comunidad.-- Tema 4: La Salud en mi Comunidad.-- Tema 5: Mi Seguridad Personal.-- Tema 6: Normas y Medidas de Protección en Casos de Desastre.-- Tema 7: Cuidado y Protección de los Lugares Históricos.-- Tema 8: Documentos de Identidad Personal.gUnidad 3.tTema 1: Origen y formación de nuestro país.-- Tema 2: Características Culturales del Pueblo Dominicano.-- Tema 3: Los primeros Pobladores.-- Tema 4: Llegada de los Españoles de América.-- Tema 5: La Colonización Española en Nuestra Isla.-- gUnidad 4: La Independencia Nacional.tTema 1: La Ocupación.-- Tema 2: Fundación de la Trinitaria.-- Tema 3: Nacimiento de la República.-- Tema 4: La nación, el Estado y la patria.--  aInventariado 2023 / MF1 4Zarzuela Bidó, José M.,eautor1 aMartínez, Julio César91263eilustrador 2ddccLBS1 00102ddc51708PDaBNPHUbBNPHUcCTd2021-12-16eDonado por el Colegio Nuestra Sra. de Lourdesl0oC117sp2023-7509r2023-10-31w2023-10-31yLBS1 c55355d55355